|
|
|
|
| LEADER |
01276nam a2200277 i 4500 |
| 001 |
10112749 |
| 003 |
GR-PaULI |
| 005 |
20240401130422.0 |
| 008 |
140508s2001 gr g 1 gre d |
| 952 |
|
|
|0 0
|1 0
|2 ddc
|4 0
|6 891_730000000000000_SAF
|7 0
|9 166001
|a THST
|b THST
|d 2016-04-24
|i 012954
|l 0
|o 891.73 SAF
|p 025000198777
|r 2016-04-24 00:00:00
|t 1
|v 2016.00
|w 2016-04-24
|y BK15
|
| 999 |
|
|
|c 103987
|d 103987
|
| 020 |
|
|
|a 9607909313
|
| 040 |
|
|
|a GR-PaULI
|c GR-PaULI
|b gre
|e AACR2
|
| 041 |
1 |
|
|a gre
|h rus
|
| 082 |
0 |
4 |
|a 891.73
|
| 100 |
1 |
|
|a Safve, Torbjorn
|9 138265
|e συγγραφέας
|
| 245 |
1 |
0 |
|a Φλέγομαι :
|b μυθιστορηματική βιογραφία του Βλαδίμηρου Μαγιακόφσκι /
|c Torbjorn Safve ; μετάφραση Γρηγόρη Ν. Κονδύλη.
|
| 260 |
|
|
|a Αθήνα :
|b Scripta,
|c 2001.
|
| 300 |
|
|
|a 642 σ. ;
|c 21 εκ.
|
| 490 |
0 |
|
|a Σύγχρονο μυθιστόρημα / Scripta
|
| 600 |
1 |
4 |
|a Mayakovsky, Vladimir,
|d 1893-1930
|9 85557
|
| 700 |
1 |
4 |
|a Κονδύλης, Γρηγόρης Ν.
|e μεταφραστής
|9 60352
|
| 760 |
0 |
|
|a Σύγχρονο μυθιστόρημα
|
| 852 |
|
|
|a GR-PaULI
|b ΠΑΤΡΑ
|b ΘΕΑΤΡΟΛΟΓΙΑ
|k ΑΣΧΕ-3
|h 891.724 MAY SAF
|m 012954
|p 025000198777
|t 1
|
| 942 |
|
|
|2 ddc
|c BK15
|
| 998 |
|
|
|c ΜΑΝΙΑ
|d 2014-05
|